000 01075nam a2200265Ia 4500
003 OSt
005 20221002043733.0
006 a|||||r|||| 00| 0
007 ta
008 220930b |||||||| |||| 00| 0 hin d
020 _a817016091X (hbk(Set))
_c3000
024 _a105397
037 _b12961, 19/03/2011, Kitab Ghar
_cReference Collections
040 _aCRL
_cCRL
_bhin
041 _2hin
_ahin
082 _aO152,1M97x1, N2.1-.5(RR)
100 _aगुप्त, सियारामशरण
245 0 _aसियारामशरण गुप्त रचनावली
260 _aनयी
_bदिल्ली किताबघर प्रकाशन
_c1992
490 _vखण्ड 1
650 _aहिन्दी साहित्य
700 _a शुक्ल, ललित, संपा.
942 _hO152,1M97x1, N2.1-.5(RR)
_cref
_2CC
999 _c908794
_d908794